<?xml version="1.0" encoding="UTF-8"?>
<collection xmlns="http://www.loc.gov/MARC21/slim">
    <record>
        <controlfield tag="001">14043</controlfield>
        <controlfield tag="005">20150325205440.0</controlfield>
        <datafield tag="037" ind1=" " ind2=" ">
            <subfield code="a">TAZ-TFG-2014-281</subfield>
        </datafield>
        <datafield tag="041" ind1=" " ind2=" ">
            <subfield code="a">spa</subfield>
        </datafield>
        <datafield tag="100" ind1="1" ind2=" ">
            <subfield code="a">Ortiz de Zárate Méndez, María de la O</subfield>
        </datafield>
        <datafield tag="245" ind1="0" ind2="0">
            <subfield code="a">Programa de autocuidados dirigido a mujeres que se encuentran en la etapa del climaterio y postmenopausia</subfield>
        </datafield>
        <datafield tag="260" ind1=" " ind2=" ">
            <subfield code="a">Zaragoza</subfield>
            <subfield code="b">Universidad de Zaragoza</subfield>
            <subfield code="c">2014</subfield>
        </datafield>
        <datafield tag="506" ind1=" " ind2=" ">
            <subfield code="a">by-nc-sa</subfield>
            <subfield code="b">Creative Commons</subfield>
            <subfield code="c">3.0</subfield>
            <subfield code="u">http://creativecommons.org/licenses/by-nc-sa/3.0/</subfield>
        </datafield>
        <datafield tag="520" ind1=" " ind2=" ">
            <subfield code="a">Introducción: el climaterio es la etapa de la vida de la mujer que delimita el paso de la vida reproductiva a la senectud y el cese de la fertilidad. Durante esta fase se van a producir gran cantidad de cambios tanto físicos y psicológicos como sociales, debidos a alteraciones en la producción hormonal.  Objetivo principal: realizar una revisión bibliográfica que muestre los aspectos más relevantes acerca del climaterio y diseñar un programa de autocuidados dirigido a mujeres en esta etapa, con el fin de promover la prevención y educación sanitaria. Metodología: se ha realizado una revisión bibliográfica de las publicaciones acerca del climaterio incluidas en diferentes bases de datos durante los años 2008 y 2014. También se ha utilizado el libro de diagnósticos de enfermería NANDA para realizar una valoración integral para el programa de autocuidados. Conclusiones: el climaterio es una etapa con gran impacto en la vida de la mujer, debido a los grandes cambios que en esta se producen o inician. Este impacto hace necesaria la intervención por parte de enfermería con el fin de conseguir que la mujer adquiera conocimientos y estrategias que le permitan afrontar esta etapa con el mayor bienestar posible. El programa educativo ha sido diseñado con estos fines, incidiendo en la prevención y en la promoción sanitaria en el ámbito comunitario.</subfield>
        </datafield>
        <datafield tag="521" ind1=" " ind2=" ">
            <subfield code="a">Graduado en Enfermería</subfield>
        </datafield>
        <datafield tag="540" ind1=" " ind2=" ">
            <subfield code="a">Derechos regulados por licencia Creative Commons</subfield>
        </datafield>
        <datafield tag="653" ind1="1" ind2=" ">
            <subfield code="a">educación</subfield>
        </datafield>
        <datafield tag="653" ind1="1" ind2=" ">
            <subfield code="a">prevención</subfield>
        </datafield>
        <datafield tag="653" ind1="1" ind2=" ">
            <subfield code="a">menopausia</subfield>
        </datafield>
        <datafield tag="653" ind1="1" ind2=" ">
            <subfield code="a">enfermería</subfield>
        </datafield>
        <datafield tag="700" ind1=" " ind2=" ">
            <subfield code="a">Martínez Casamayor, Florencia</subfield>
            <subfield code="e">dir.</subfield>
        </datafield>
        <datafield tag="710" ind1="2" ind2=" ">
            <subfield code="a">Universidad de Zaragoza</subfield>
            <subfield code="b">Fisiatría y Enfermería</subfield>
            <subfield code="c">Enfermería</subfield>
        </datafield>
        <datafield tag="856" ind1="0" ind2=" ">
            <subfield code="f">629181@celes.unizar.es</subfield>
        </datafield>
        <datafield tag="856" ind1="4" ind2=" ">
            <subfield code="s">936953</subfield>
            <subfield code="u">http://zaguan.unizar.es/record/14043/files/TAZ-TFG-2014-281.pdf</subfield>
            <subfield code="y">Memoria (spa)</subfield>
        </datafield>
        <datafield tag="909" ind1="C" ind2="O">
            <subfield code="o">oai:zaguan.unizar.es:14043</subfield>
            <subfield code="p">driver</subfield>
            <subfield code="p">trabajos-fin-grado</subfield>
        </datafield>
        <datafield tag="950" ind1=" " ind2=" ">
            <subfield code="a"></subfield>
        </datafield>
        <datafield tag="980" ind1=" " ind2=" ">
            <subfield code="a">TAZ</subfield>
            <subfield code="b">TFG</subfield>
            <subfield code="c">EUCS</subfield>
        </datafield>
    </record>

    
</collection>